| 000 | 00645nam a2200229 a 4500 | ||
|---|---|---|---|
| 001 | 000019433 | ||
| 005 | 20200929170021.0 | ||
| 008 | 100629s2003 sp c 000 0 spa d | ||
| 020 | _a8484038688 | ||
| 040 |
_aDO-SdBNP _bspa _cBNPHU |
||
| 082 | _a922.21 | ||
| 245 | 0 | 0 | _aJuan XXIII. |
| 260 |
_aMadrid : _bEdimat Libros, _c2003. |
||
| 300 |
_a187 p. : _bretrs. ; _c22 cm. |
||
| 490 | 1 | _aGrandes biografías | |
| 500 | _aIncluye notas al pie de páginas | ||
| 504 | _aIncluye bibliografías [p. 6-7] | ||
| 600 | 1 | 4 |
_aJUAN _bXXIII _cPAPA _941715 |
| 650 | 4 |
_aPapas _xBiografías _941716 |
|
| 830 | 0 |
_aGrandes biografías _911230 |
|
| 049 | _aBNPD | ||
| 999 |
_c18949 _d18949 |
||